[Event "12e Open de Quenza"]
[Site "Quenza"]
[Date "2023.07.23"]
[Round "7.1"]
[White "Fressinet, Laurent"]
[Black "Bellahcene, Bilel"]
[Result "0-1"]
[BlackElo "2520"]
[WhiteElo "2652"]
[LiveChessVersion "1.4.6"]

1. d4 {[%clk 0:05:03]} Nf6 {[%clk 0:05:03]} 2. Nf3 {[%clk 0:05:03]} b6
{[%clk 0:05:02]} 3. Bg5 {[%clk 0:04:59]} e6 {[%clk 0:04:48]} 4. Nbd2
{[%clk 0:04:57]} Bb7 {[%clk 0:04:48]} 5. e4 {[%clk 0:04:52]} h6 {[%clk 0:04:48]}
6. Bxf6 {[%clk 0:04:52]} Qxf6 {[%clk 0:04:48]} 7. c3 {[%clk 0:04:52]} d6
{[%clk 0:04:35]} 8. Bb5+ {[%clk 0:04:48]} Nd7 {[%clk 0:04:25]} 9. Qa4
{[%clk 0:04:33]} Qd8 {[%clk 0:04:25]} 10. Bc6 {[%clk 0:04:30]} Bxc6
{[%clk 0:04:25]} 11. Qxc6 {[%clk 0:04:30]} Be7 {[%clk 0:04:25]} 12. O-O
{[%clk 0:04:23]} O-O {[%clk 0:04:25]} 13. e5 {[%clk 0:04:19]} a6 {[%clk 0:04:10]}
14. a4 {[%clk 0:04:02]} Ra7 {[%clk 0:04:09]} 15. Qe4 {[%clk 0:03:41]} d5
{[%clk 0:04:01]} 16. Qe2 {[%clk 0:03:36]} c5 {[%clk 0:03:57]} 17. c4
{[%clk 0:03:25]} Qa8 {[%clk 0:03:38]} 18. Rfd1 {[%clk 0:03:18]} dxc4
{[%clk 0:02:28]} 19. Nxc4 {[%clk 0:03:08]} b5 {[%clk 0:02:22]} 20. Ne3
{[%clk 0:02:55]} cxd4 {[%clk 0:02:06]} 21. Rxd4 {[%clk 0:02:14]} Nc5
{[%clk 0:02:06]} 22. Rad1 {[%clk 0:02:12]} Nxa4 23. Ng4 {[%clk 0:02:12]} Rd8
{[%clk 0:01:27]} 24. Rxd8+ {[%clk 0:01:27]} Bxd8 {[%clk 0:01:27]} 25. h4
{[%clk 0:01:25]} Be7 {[%clk 0:01:26]} 26. Qe3 {[%clk 0:01:19]} Nxb2
{[%clk 0:01:18]} 27. Nxh6+ {[%clk 0:01:12]} gxh6 {[%clk 0:01:18]} 28. Rd4
{[%clk 0:01:12]} Bf8 {[%clk 0:00:36]} 29. Rg4+ {[%clk 0:01:04]} Kh8
{[%clk 0:00:36]} 30. Nd4 {[%clk 0:00:38]} Bg7 {[%clk 0:00:34]} 31. Qg3
{[%clk 0:00:17]} Qf8 {[%clk 0:00:34]} 32. Nf3 {[%clk 0:00:05]} Nc4
{[%clk 0:00:34]} 33. Qf4 {[%clk 0:00:05]} Rd7 {[%clk 0:00:27]} 34. Kh2
{[%clk 0:00:05]} Rd5 {[%clk 0:00:27]} 35. Qc1 {[%clk 0:00:04]} Nxe5 36. Nxe5
{[%clk 0:00:04]} Bxe5+ 37. g3 Bg7 {[%clk 0:00:25]} 38. Qc6 {[%clk 0:00:04]} Rd6
{[%clk 0:00:25]} 39. Qb7 {[%clk 0:00:04]} Qe8 {[%clk 0:00:23]} 40. Rf4
{[%clk 0:00:04]} Kg8 {[%clk 0:00:23]} 41. Rg4 {[%clk 0:00:04]} h5
{[%clk 0:00:18]} 42. Rg5 {[%clk 0:00:04]} Rd5 {[%clk 0:00:18]} 0-1

[Event "12e Open de Quenza"]
[Site "Quenza"]
[Date "2023.07.23"]
[Round "7.2"]
[White "Kosteniuk, Alexandra"]
[Black "Van Wely, Loek"]
[Result "1-0"]
[BlackElo "2644"]
[WhiteElo "2532"]
[LiveChessVersion "1.4.6"]

1. e4 {[%clk 0:05:03]} c5 {[%clk 0:05:03]} 2. c3 {[%clk 0:05:03]} Nf6
{[%clk 0:05:03]} 3. e5 {[%clk 0:05:03]} Nd5 {[%clk 0:05:03]} 4. Nf3
{[%clk 0:05:03]} e6 {[%clk 0:04:59]} 5. d4 {[%clk 0:05:03]} cxd4 {[%clk 0:04:59]}
6. cxd4 {[%clk 0:05:03]} b6 {[%clk 0:04:59]} 7. Nc3 {[%clk 0:04:58]} Nxc3
{[%clk 0:04:59]} 8. bxc3 {[%clk 0:04:58]} Qc7 {[%clk 0:04:59]} 9. Bb5
{[%clk 0:04:53]} a6 {[%clk 0:04:03]} 10. Ba4 {[%clk 0:04:35]} b5 {[%clk 0:03:39]}
11. Bb3 {[%clk 0:04:35]} Bb7 {[%clk 0:03:39]} 12. Bd2 {[%clk 0:04:29]} Nc6
{[%clk 0:03:00]} 13. O-O {[%clk 0:04:21]} Na5 {[%clk 0:02:50]} 14. Bc2
{[%clk 0:04:21]} h6 {[%clk 0:02:38]} 15. Qe2 {[%clk 0:04:18]} Be7
{[%clk 0:02:35]} 16. a4 {[%clk 0:04:14]} Nc4 {[%clk 0:02:31]} 17. Bc1
{[%clk 0:04:11]} O-O {[%clk 0:02:24]} 18. Qd3 {[%clk 0:04:09]} f5
{[%clk 0:01:36]} 19. exf6 {[%clk 0:04:09]} Bxf6 {[%clk 0:01:36]} 20. Bxh6
{[%clk 0:03:31]} Bxf3 {[%clk 0:01:27]} 21. Qh7+ {[%clk 0:03:18]} Kf7
{[%clk 0:01:27]} 22. Bg6+ {[%clk 0:03:18]} Ke7 {[%clk 0:01:27]} 23. Bxg7
{[%clk 0:03:18]} Bxg7 {[%clk 0:01:22]} 24. Qxg7+ {[%clk 0:03:18]} Kd6
{[%clk 0:01:22]} 25. gxf3 {[%clk 0:03:08]} Rg8 {[%clk 0:01:07]} 26. Qh6
{[%clk 0:03:07]} Raf8 {[%clk 0:01:04]} 27. Kh1 {[%clk 0:03:01]} Qc6
{[%clk 0:01:00]} 28. d5 {[%clk 0:03:01]} Qc5 {[%clk 0:00:45]} 29. dxe6
{[%clk 0:02:31]} Rf6 {[%clk 0:00:34]} 30. Rad1+ {[%clk 0:02:30]} Kc7
{[%clk 0:00:28]} 31. Rxd7+ {[%clk 0:02:16]} Kc8 {[%clk 0:00:28]} 32. Rg7
{[%clk 0:02:13]} Qf8 {[%clk 0:00:14]} 33. e7 {[%clk 0:02:09]} 1-0

[Event "12e Open de Quenza"]
[Site "Quenza"]
[Date "2023.07.23"]
[Round "7.3"]
[White "Kuzmicz, Krystian"]
[Black "Tregubov, Pavel V."]
[Result "1/2-1/2"]
[BlackElo "2567"]
[WhiteElo "2466"]
[LiveChessVersion "1.4.6"]

1. e4 {[%clk 0:05:03]} c5 {[%clk 0:05:03]} 2. d3 {[%clk 0:05:03]} Nc6
{[%clk 0:05:03]} 3. g3 {[%clk 0:05:03]} d5 {[%clk 0:05:01]} 4. Nd2
{[%clk 0:05:03]} Nf6 {[%clk 0:05:00]} 5. Bg2 {[%clk 0:05:03]} e5 {[%clk 0:04:48]}
6. Ngf3 {[%clk 0:04:57]} Be7 {[%clk 0:04:48]} 7. O-O {[%clk 0:04:57]} O-O
{[%clk 0:04:48]} 8. c3 {[%clk 0:04:57]} d4 {[%clk 0:04:48]} 9. Nc4
{[%clk 0:04:48]} Qc7 {[%clk 0:04:48]} 10. a4 {[%clk 0:04:46]} Be6
{[%clk 0:04:48]} 11. cxd4 {[%clk 0:04:41]} cxd4 {[%clk 0:04:48]} 12. b3
{[%clk 0:04:32]} Nd7 {[%clk 0:04:48]} 13. Bd2 {[%clk 0:04:23]} Nc5
{[%clk 0:04:27]} 14. Qb1 {[%clk 0:04:17]} a5 {[%clk 0:04:27]} 15. Rc1
{[%clk 0:04:06]} b6 {[%clk 0:04:25]} 16. Ng5 {[%clk 0:03:04]} Bxg5
{[%clk 0:03:37]} 17. Bxg5 {[%clk 0:03:04]} Nb4 {[%clk 0:03:35]} 18. Bf1
{[%clk 0:03:04]} f6 {[%clk 0:03:31]} 19. Bd2 {[%clk 0:03:04]} Rab8
{[%clk 0:03:31]} 20. Bxb4 {[%clk 0:02:44]} axb4 {[%clk 0:03:31]} 21. Qb2
{[%clk 0:02:29]} Qe7 {[%clk 0:03:27]} 22. Rab1 {[%clk 0:02:22]} Rfc8
{[%clk 0:03:20]} 23. Qd2 {[%clk 0:02:21]} Nd7 {[%clk 0:03:15]} 24. Be2
{[%clk 0:02:14]} Rc7 {[%clk 0:02:44]} 25. Qd1 {[%clk 0:02:12]} Nc5
{[%clk 0:02:39]} 26. Qd2 {[%clk 0:01:57]} Nd7 {[%clk 0:02:34]} 27. Qd1
{[%clk 0:01:46]} Nc5 {[%clk 0:02:08]} 28. Qd2 {[%clk 0:01:46]} Nd7
{[%clk 0:02:01]} 29. Rc2 {[%clk 0:01:46]} h6 {[%clk 0:01:56]} 30. Rbc1
{[%clk 0:01:45]} b5 {[%clk 0:01:52]} 31. axb5 {[%clk 0:01:41]} Rxb5
{[%clk 0:01:52]} 32. Qd1 {[%clk 8:01:41]} Ra7 {[%clk 0:01:46]} 33. Bg4
{[%clk 0:01:37]} Bxg4 {[%clk 0:01:44]} 34. Qxg4 {[%clk 0:01:37]} Nc5
{[%clk 0:01:44]} 35. Qc8+ {[%clk 0:01:36]} Kh7 {[%clk 0:01:40]} 36. Nxe5
{[%clk 0:01:23]} fxe5 {[%clk 0:01:10]} 37. Rxc5 {[%clk 0:01:21]} Rxc5
{[%clk 0:01:10]} 38. Rxc5 {[%clk 0:00:42]} Qf6 {[%clk 0:01:10]} 39. Qf5+
{[%clk 0:00:42]} Qxf5 {[%clk 0:01:10]} 40. exf5 {[%clk 0:00:42]} Ra3
{[%clk 0:01:10]} 41. Rxe5 {[%clk 0:00:42]} Rxb3 {[%clk 0:01:10]} 42. Rb5
{[%clk 0:00:42]} Rxd3 {[%clk 0:01:10]} 43. Rxb4 {[%clk 0:00:42]} Rf3
{[%clk 0:01:07]} 44. Rxd4 {[%clk 0:00:27]} Rxf5 {[%clk 0:01:07]} 45. Rd6
{[%clk 0:00:27]} h5 {[%clk 0:01:07]} 46. Kg2 {[%clk 0:00:27]} g6 {[%clk 0:01:07]}
47. h3 {[%clk 0:00:24]} Kg7 {[%clk 0:01:07]} 48. f4 {[%clk 0:00:24]} Ra5
{[%clk 0:01:07]} 49. Rd3 {[%clk 0:00:24]} Kf6 {[%clk 0:01:07]} 50. Kf3
{[%clk 0:00:24]} Ra1 {[%clk 0:01:07]} 51. Rb3 {[%clk 0:00:24]} Rf1+
{[%clk 0:01:07]} 52. Kg2 {[%clk 0:00:24]} Ra1 {[%clk 0:01:07]} 53. g4
{[%clk 0:00:24]} hxg4 {[%clk 0:01:07]} 54. hxg4 {[%clk 0:00:24]} Rc1
{[%clk 0:01:06]} 55. Rb6+ {[%clk 0:00:24]} Kf7 {[%clk 0:01:06]} 56. Kg3
{[%clk 0:00:24]} Rc4 {[%clk 0:01:06]} 57. g5 {[%clk 0:00:18]} Ra4
{[%clk 0:01:04]} 58. Rb7+ {[%clk 0:00:18]} Kf8 {[%clk 0:01:03]} 59. Kg4 Rc4
{[%clk 0:01:01]} 60. Rb6 {[%clk 0:00:18]} Kf7 {[%clk 0:01:01]} 61. Rf6+
{[%clk 0:00:18]} Kg7 {[%clk 0:01:01]} 62. Kf3 {[%clk 0:00:18]} Ra4
{[%clk 0:01:01]} 63. Re6 {[%clk 0:00:18]} Kf7 {[%clk 0:01:01]} 64. Re3
{[%clk 0:00:18]} Rb4 {[%clk 0:01:01]} 65. Re4 {[%clk 0:00:18]} Rb3+
{[%clk 0:01:01]} 66. Kg4 {[%clk 0:00:18]} Rb7 {[%clk 0:00:59]} 67. Ra4
{[%clk 0:00:18]} Kg7 {[%clk 0:00:59]} 68. Ra6 {[%clk 0:00:18]} Rb3
{[%clk 0:00:58]} 69. Ra7+ {[%clk 0:00:18]} Kf8 {[%clk 0:00:58]} 70. Ra6
{[%clk 0:00:18]} Kf7 {[%clk 0:00:58]} 71. Ra7+ {[%clk 0:00:18]} Kf8
{[%clk 0:00:58]} 72. Ra4 {[%clk 0:00:18]} Kf7 {[%clk 0:00:58]} 73. Re4
{[%clk 0:00:18]} Ra3 {[%clk 0:00:58]} 74. f5 {[%clk 0:00:18]} gxf5+
{[%clk 0:00:58]} 75. Kxf5 {[%clk 0:00:18]} Ra5+ {[%clk 0:00:58]} 76. Re5
{[%clk 0:00:18]} Rxe5+ {[%clk 0:00:58]} 77. Kxe5 {[%clk 0:00:18]} Kg6
{[%clk 0:00:58]} 78. Kd4 {[%clk 0:00:18]} Kxg5 1/2-1/2

[Event "12e Open de Quenza"]
[Site "Quenza"]
[Date "2023.07.23"]
[Round "7.4"]
[White "Tomasi, Albert"]
[Black "Maurizzi, Marc Andria"]
[Result "0-1"]
[BlackElo "2556"]
[WhiteElo "2291"]
[LiveChessVersion "1.4.6"]

1. e4 {[%clk 0:05:03]} c5 {[%clk 0:05:03]} 2. Nf3 {[%clk 0:05:03]} Nc6
{[%clk 0:05:03]} 3. d4 {[%clk 0:05:03]} cxd4 {[%clk 0:05:03]} 4. Nxd4
{[%clk 0:05:03]} Nf6 {[%clk 0:05:03]} 5. Nc3 {[%clk 0:05:03]} e6 {[%clk 0:05:03]}
6. Ndb5 {[%clk 0:05:03]} Bc5 {[%clk 0:05:03]} 7. Bf4 {[%clk 0:05:01]} O-O
{[%clk 0:05:03]} 8. Bc7 {[%clk 0:05:01]} Qe7 {[%clk 0:05:03]} 9. Bd6
{[%clk 0:05:01]} Bxd6 {[%clk 0:05:03]} 10. Qxd6 {[%clk 0:04:59]} Qd8
{[%clk 0:05:03]} 11. f3 {[%clk 0:04:54]} a6 {[%clk 0:05:03]} 12. Nd4
{[%clk 0:04:54]} Ne7 {[%clk 0:05:03]} 13. O-O-O {[%clk 0:04:39]} b5
{[%clk 0:05:03]} 14. h4 {[%clk 0:04:17]} Bb7 {[%clk 0:05:00]} 15. h5
{[%clk 0:04:17]} h6 {[%clk 0:04:39]} 16. g4 {[%clk 0:03:50]} Rc8 {[%clk 0:04:39]}
17. Nb3 {[%clk 0:03:47]} Rc6 {[%clk 0:04:08]} 18. Qg3 {[%clk 0:03:42]} Qc7
{[%clk 0:04:08]} 19. Qxc7 {[%clk 0:02:26]} Rxc7 {[%clk 0:04:08]} 20. Na5
{[%clk 0:02:00]} d5 {[%clk 0:03:26]} 21. Nxb7 {[%clk 0:01:55]} Rxb7
{[%clk 0:03:26]} 22. Bd3 {[%clk 0:01:38]} b4 {[%clk 0:03:22]} 23. Na4
{[%clk 0:01:29]} dxe4 {[%clk 0:03:18]} 24. Nc5 {[%clk 0:01:26]} Rc7
{[%clk 0:03:12]} 25. Nxa6 {[%clk 0:01:19]} Ra7 {[%clk 0:03:09]} 26. fxe4
{[%clk 0:01:10]} Nxg4 {[%clk 0:03:09]} 27. Rd2 {[%clk 0:01:10]} Rb7
{[%clk 0:03:00]} 28. Rg1 Ne5 29. Rdg2 {[%clk 0:00:56]} g5 {[%clk 0:03:00]} 30.
hxg6 {[%clk 0:00:56]} fxg6 {[%clk 0:03:00]} 31. Nc5 {[%clk 0:00:56]} Rb6
{[%clk 0:03:00]} 32. Kb1 {[%clk 0:00:20]} Kg7 {[%clk 0:02:56]} 33. Nb3
{[%clk 0:00:18]} g5 {[%clk 0:02:45]} 34. Be2 {[%clk 0:00:18]} N7g6
{[%clk 0:02:45]} 35. a4 {[%clk 0:00:15]} bxa3 {[%clk 0:02:45]} 36. bxa3
{[%clk 0:00:15]} Ra8 {[%clk 0:02:39]} 37. Ka2 0-1

[Event "12e Open de Quenza"]
[Site "Quenza"]
[Date "2023.07.23"]
[Round "7.5"]
[White "Travadon, Loic"]
[Black "Skripchenko, Almira"]
[Result "1-0"]
[BlackElo "2380"]
[WhiteElo "2463"]
[LiveChessVersion "1.4.6"]

1. e4 {[%clk 0:05:03]} d5 {[%clk 0:05:02]} 2. Nc3 {[%clk 0:05:03]} dxe4
{[%clk 0:05:01]} 3. Nxe4 {[%clk 0:05:03]} Nf6 {[%clk 0:05:01]} 4. Nxf6+
{[%clk 0:05:01]} gxf6 {[%clk 0:04:55]} 5. d4 {[%clk 0:04:59]} c6 {[%clk 0:04:55]}
6. c3 {[%clk 0:04:59]} Nd7 {[%clk 0:04:46]} 7. Nf3 {[%clk 0:04:57]} Nb6
{[%clk 0:04:46]} 8. a4 {[%clk 0:04:55]} Bg4 {[%clk 0:04:44]} 9. a5
{[%clk 0:04:55]} Nd5 {[%clk 0:04:44]} 10. h3 {[%clk 0:04:55]} Bh5
{[%clk 0:04:40]} 11. Be2 {[%clk 0:04:53]} e6 {[%clk 0:04:38]} 12. Bd2
{[%clk 0:04:50]} Bd6 {[%clk 0:04:30]} 13. g3 {[%clk 0:04:50]} Qc7
{[%clk 0:04:27]} 14. Rg1 {[%clk 0:04:50]} O-O-O {[%clk 0:04:21]} 15. Qb3
{[%clk 0:04:48]} e5 {[%clk 0:03:40]} 16. a6 {[%clk 0:04:30]} b6 {[%clk 0:03:39]}
17. dxe5 {[%clk 0:04:22]} fxe5 {[%clk 0:03:36]} 18. Qc4 {[%clk 0:04:22]} Rhe8
{[%clk 0:03:28]} 19. Nh4 {[%clk 0:04:11]} Bg6 {[%clk 0:03:19]} 20. Qg4+
{[%clk 0:03:43]} Kb8 {[%clk 0:03:19]} 21. Nxg6 {[%clk 0:03:43]} hxg6
{[%clk 0:03:18]} 22. Kf1 {[%clk 0:03:39]} e4 {[%clk 0:03:18]} 23. Bg5
{[%clk 0:02:44]} Rd7 {[%clk 0:02:57]} 24. Bc4 {[%clk 0:02:34]} f5
{[%clk 0:02:37]} 25. Qe2 {[%clk 0:02:34]} Bc5 {[%clk 0:02:29]} 26. Rd1
{[%clk 0:02:25]} Ka8 {[%clk 0:01:48]} 27. Kg2 {[%clk 0:02:16]} f4
{[%clk 0:01:20]} 28. gxf4 {[%clk 0:02:16]} e3 {[%clk 0:01:03]} 29. Bxd5
{[%clk 0:02:12]} Rxd5 {[%clk 0:00:33]} 30. Rxd5 {[%clk 0:02:12]} cxd5
{[%clk 0:00:33]} 31. Rd1 {[%clk 0:02:08]} Qc6 {[%clk 0:00:29]} 32. f3
{[%clk 0:02:05]} Qe6 {[%clk 0:00:22]} 33. Rd3 {[%clk 0:01:52]} Rh8
{[%clk 0:00:20]} 34. h4 {[%clk 0:01:52]} Re8 {[%clk 0:00:20]} 35. b4
{[%clk 0:01:45]} Bd6 {[%clk 0:00:19]} 36. f5 {[%clk 0:01:37]} Qxf5
{[%clk 0:00:17]} 37. Rxe3 {[%clk 0:01:37]} Rc8 {[%clk 0:00:15]} 38. Qd3
{[%clk 0:01:34]} Qf7 {[%clk 0:00:14]} 39. Qd4 {[%clk 0:01:32]} Bb8
{[%clk 0:00:09]} 40. Re7 {[%clk 0:01:18]} Qf5 {[%clk 0:00:09]} 41. Re2
{[%clk 0:01:05]} Rc4 {[%clk 0:00:09]} 42. Qg7 {[%clk 0:01:04]} Rc7
{[%clk 0:00:09]} 43. Qe5 {[%clk 0:01:01]} Qf7 {[%clk 0:00:08]} 44. Rd2
{[%clk 0:01:00]} Rd7 {[%clk 0:00:08]} 45. Qf6 {[%clk 0:00:58]} Qe8
{[%clk 0:00:07]} 46. Qc6+ {[%clk 0:00:58]} 1-0

[Event "12e Open de Quenza"]
[Site "Quenza"]
[Date "2023.07.23"]
[Round "7.6"]
[White "Pieri, Pierre-Louis"]
[Black "Glek, Igor"]
[Result "1-0"]
[BlackElo "2410"]
[WhiteElo "2089"]
[LiveChessVersion "1.4.6"]

1. e4 {[%clk 0:05:03]} c5 2. Nc3 {[%clk 0:05:03]} a6 {[%clk 0:05:03]} 3. Nge2 e5
{[%clk 0:05:03]} 4. g3 {[%clk 0:05:00]} Nc6 {[%clk 0:05:03]} 5. Bg2
{[%clk 0:04:59]} g6 {[%clk 0:05:03]} 6. d3 {[%clk 0:04:59]} Bg7 {[%clk 0:05:03]}
7. O-O {[%clk 0:04:55]} Nge7 {[%clk 0:05:03]} 8. f4 {[%clk 0:04:52]} d6
{[%clk 0:05:03]} 9. h3 {[%clk 0:04:32]} Be6 {[%clk 0:05:02]} 10. g4
{[%clk 0:04:29]} exf4 {[%clk 0:05:02]} 11. Nxf4 {[%clk 0:04:28]} O-O
{[%clk 0:04:58]} 12. Nxe6 {[%clk 0:03:52]} fxe6 {[%clk 0:04:58]} 13. Bg5
{[%clk 0:03:52]} Qd7 {[%clk 0:04:53]} 14. Qd2 {[%clk 0:03:51]} Nd4
{[%clk 0:04:47]} 15. e5 {[%clk 0:03:16]} d5 {[%clk 0:04:31]} 16. Bf6
{[%clk 0:03:05]} Nec6 {[%clk 0:04:27]} 17. Rae1 {[%clk 0:02:59]} Qc7
{[%clk 0:03:52]} 18. Nxd5 {[%clk 0:01:57]} exd5 {[%clk 0:03:51]} 19. Bxd5+
{[%clk 0:01:57]} Kh8 {[%clk 0:03:51]} 20. c3 {[%clk 0:01:57]} Qd7
{[%clk 0:03:13]} 21. c4 {[%clk 0:01:12]} Rae8 {[%clk 0:02:45]} 22. Qg5
{[%clk 0:00:43]} Ne6 {[%clk 0:02:19]} 23. Qh4 {[%clk 0:00:31]} Ncd4
{[%clk 0:01:46]} 24. Rf2 {[%clk 0:00:28]} g5 {[%clk 0:01:04]} 25. Qg3
{[%clk 0:00:21]} Bxf6 {[%clk 0:00:55]} 26. Rxf6 {[%clk 0:00:15]} Nf4
{[%clk 0:00:43]} 27. Rxf8+ {[%clk 0:00:07]} Rxf8 {[%clk 0:00:43]} 28. Kh2
{[%clk 0:00:07]} Qe7 {[%clk 0:00:37]} 29. e6 {[%clk 0:00:07]} b5 {[%clk 0:00:37]}
30. Re5 {[%clk 0:00:07]} h6 {[%clk 0:00:34]} 31. Qe3 {[%clk 0:00:07]} Kg7
{[%clk 0:00:34]} 32. Qe4 {[%clk 0:00:07]} Ng6 {[%clk 0:00:32]} 33. Rf5
{[%clk 0:00:07]} Qd6+ {[%clk 0:00:28]} 34. Kg2 {[%clk 0:00:06]} Nh4+
{[%clk 0:00:28]} 35. Kf2 {[%clk 0:00:06]} Nhxf5 {[%clk 0:00:28]} 36. gxf5
{[%clk 0:00:06]} Rxf5+ 37. Kg2 {[%clk 0:00:06]} Re5 {[%clk 0:00:26]} 38. Qg4
{[%clk 0:00:06]} Re2+ {[%clk 0:00:26]} 39. Kf1 {[%clk 0:00:06]} Qf4+
{[%clk 0:00:17]} 40. Qxf4 {[%clk 0:00:06]} gxf4 {[%clk 0:00:17]} 41. Be4
{[%clk 0:00:06]} Re3 {[%clk 0:00:17]} 42. e7 {[%clk 0:00:06]} Kf7
{[%clk 0:00:17]} 1-0

[Event "12e Open de Quenza"]
[Site "Quenza"]
[Date "2023.07.23"]
[Round "7.7"]
[White "Deladerriere, Apollo"]
[Black "Geronimi, Jean-Thomas"]
[Result "1-0"]
[BlackElo "1978"]
[WhiteElo "1797"]
[LiveChessVersion "1.4.6"]

1. e4 {[%clk 0:05:03]} c5 {[%clk 0:05:03]} 2. Nf3 d6 3. d4 {[%clk 0:05:03]} cxd4
{[%clk 0:05:03]} 4. Qxd4 {[%clk 0:05:03]} Nc6 {[%clk 0:05:03]} 5. Bb5
{[%clk 0:05:03]} Bd7 {[%clk 0:05:03]} 6. Bxc6 {[%clk 0:05:03]} Bxc6
{[%clk 0:05:03]} 7. Nc3 {[%clk 0:05:02]} Nf6 {[%clk 0:05:03]} 8. Bg5
{[%clk 0:05:02]} e6 {[%clk 0:04:42]} 9. O-O-O {[%clk 0:04:58]} Be7
{[%clk 0:04:28]} 10. Rhe1 {[%clk 0:04:58]} Qc7 {[%clk 0:03:20]} 11. Kb1
{[%clk 0:04:55]} O-O-O {[%clk 0:03:18]} 12. Qxa7 {[%clk 0:04:55]} h6
{[%clk 0:02:40]} 13. Bh4 {[%clk 0:04:27]} g5 {[%clk 0:02:04]} 14. Bg3 Nd7 15. Nd4
{[%clk 0:04:02]} Qb6 {[%clk 0:01:33]} 16. Ncb5 {[%clk 0:03:06]} Bxb5 17. Qxb6
{[%clk 0:03:06]} Nxb6 {[%clk 0:01:15]} 18. Nxb5 {[%clk 0:03:06]} e5
{[%clk 0:01:12]} 19. f3 {[%clk 0:02:49]} Kd7 {[%clk 0:01:05]} 20. Bxe5
{[%clk 0:02:49]} Kc6 {[%clk 0:00:40]} 21. Nd4+ {[%clk 0:02:39]} Kc5
{[%clk 0:00:13]} 22. Bxh8 {[%clk 0:02:39]} Rxh8 {[%clk 0:00:13]} 23. Nf5
{[%clk 0:02:38]} Bf8 {[%clk 0:00:11]} 24. Re3 {[%clk 0:02:35]} Kc6
{[%clk 0:00:10]} 25. Rc3+ {[%clk 0:02:27]} Kd7 {[%clk 0:00:10]} 26. Rcd3
{[%clk 0:02:27]} Ke6 {[%clk 0:00:05]} 27. Nxd6 {[%clk 0:02:26]} Be7
{[%clk 0:00:05]} 28. Nf5 Bc5 29. Rd6+ {[%clk 0:02:22]} 1-0

[Event "12e Open de Quenza"]
[Site "Quenza"]
[Date "2023.07.23"]
[Round "7.8"]
[White "Stoenescu, Radu"]
[Black "Roux, Baptiste"]
[Result "0-1"]
[BlackElo "2288"]
[WhiteElo "1997"]
[LiveChessVersion "1.4.6"]

1. e4 {[%clk 0:05:03]} c5 {[%clk 0:05:03]} 2. Nf3 {[%clk 0:05:03]} e6
{[%clk 0:05:00]} 3. d4 {[%clk 0:05:03]} cxd4 {[%clk 0:05:00]} 4. Nxd4
{[%clk 0:05:03]} Nf6 {[%clk 0:05:00]} 5. Nc3 {[%clk 0:05:03]} Nc6
{[%clk 0:05:00]} 6. Ndb5 {[%clk 0:05:03]} d6 {[%clk 0:05:00]} 7. Bf4
{[%clk 0:05:03]} e5 {[%clk 0:05:00]} 8. Bg5 {[%clk 0:05:03]} a6 {[%clk 0:05:00]}
9. Na3 {[%clk 0:05:03]} Be6 {[%clk 0:05:00]} 10. Nc4 {[%clk 0:05:01]} Rb8
{[%clk 0:05:00]} 11. a4 {[%clk 0:05:01]} Nd4 {[%clk 0:04:55]} 12. a5
{[%clk 0:03:48]} Be7 {[%clk 0:04:46]} 13. Bxf6 {[%clk 0:03:41]} Bxf6
{[%clk 0:04:46]} 14. Nb6 {[%clk 0:03:37]} O-O {[%clk 0:04:45]} 15. Bd3
{[%clk 0:03:30]} g6 {[%clk 0:04:44]} 16. O-O {[%clk 0:03:29]} Bg7
{[%clk 0:04:43]} 17. Ncd5 {[%clk 0:03:22]} f5 {[%clk 0:04:30]} 18. c3
{[%clk 0:03:22]} Nc6 {[%clk 0:04:30]} 19. b4 {[%clk 0:02:57]} Qh4
{[%clk 0:04:01]} 20. Qe2 {[%clk 0:02:40]} Rbd8 {[%clk 0:03:47]} 21. Rfe1
{[%clk 0:02:18]} Rf7 {[%clk 0:03:37]} 22. f3 {[%clk 0:01:53]} Bh6
{[%clk 0:02:09]} 23. Qf2 {[%clk 0:01:42]} Qg5 {[%clk 0:02:02]} 24. Re2
{[%clk 0:01:34]} Kh8 {[%clk 0:01:51]} 25. Rb2 {[%clk 0:01:29]} fxe4
{[%clk 0:01:50]} 26. Bxe4 {[%clk 0:01:29]} Bf5 {[%clk 0:01:45]} 27. Qe2
{[%clk 0:01:22]} Qh4 {[%clk 0:01:30]} 28. g3 {[%clk 0:00:57]} Qh3
{[%clk 0:01:29]} 29. Qg2 {[%clk 0:00:57]} Qxg2+ {[%clk 0:01:23]} 30. Kxg2
{[%clk 0:00:57]} Bxe4 {[%clk 0:01:23]} 31. fxe4 {[%clk 0:00:57]} Rdf8
{[%clk 0:01:23]} 32. c4 {[%clk 0:00:47]} Nd4 {[%clk 0:01:21]} 33. b5
{[%clk 0:00:47]} Rf3 {[%clk 0:01:11]} 34. bxa6 {[%clk 0:00:27]} bxa6
{[%clk 0:01:11]} 35. Nd7 {[%clk 0:00:27]} Rc8 {[%clk 0:01:07]} 36. N7b6
{[%clk 0:00:26]} Rc5 {[%clk 0:01:05]} 37. Nd7 {[%clk 0:00:26]} Rxc4
{[%clk 0:00:44]} 38. Rd1 {[%clk 0:00:19]} Rb3 {[%clk 0:00:41]} 39. Rxb3 Nxb3 40.
N5b6 Rc2+ {[%clk 0:00:41]} 41. Kf3 {[%clk 0:00:17]} Nd4+ {[%clk 0:00:39]} 42. Kg4
{[%clk 0:00:14]} Be3 {[%clk 0:00:39]} 43. h4 {[%clk 0:00:14]} h5+
{[%clk 0:00:37]} 44. Kh3 {[%clk 0:00:14]} Nf3 {[%clk 0:00:37]} 45. Rh1
{[%clk 0:00:14]} Ng1+ {[%clk 0:00:37]} 46. Rxg1 {[%clk 0:00:14]} Bxg1
{[%clk 0:00:37]} 47. g4 {[%clk 0:00:11]} Ra2 {[%clk 0:00:30]} 48. gxh5
{[%clk 0:00:11]} gxh5 {[%clk 0:00:30]} 49. Nf6 {[%clk 0:00:11]} Rxa5
{[%clk 0:00:30]} 50. Nxh5 {[%clk 0:00:11]} Bxb6 {[%clk 0:00:30]} 0-1